| 000 | 00462nam a2200193Ia 4500 | ||
|---|---|---|---|
| 005 | 20240823024101.0 | ||
| 008 | 240823s9999||||xx |||||||||||||| ||und|| | ||
| 020 | _a978-81-315-1223-4 | ||
| 041 | _aENGLISH | ||
| 082 | _A621 P9 | ||
| 100 | _aSaeed Moaveni | ||
| 245 | 0 | _aEngineering Basics | |
| 250 | _a1st | ||
| 260 |
_c2009 _bCengage Learning _aNew Delhi |
||
| 500 | _aYES | ||
| 650 |
_aEngineering Basics _bMechanical |
||
| 942 | _cBK | ||
| 999 |
_c183079 _d183079 |
||